Śrī Bhaktapōtarājīyamu, (Record no. 64832)

MARC details
000 -LEADER
fixed length control field 00886cam a22002531 4500
001 - CONTROL NUMBER
control field sa 65006740
003 - CONTROL NUMBER IDENTIFIER
control field DLC
005 - DATE AND TIME OF LATEST TRANSACTION
control field 20260227112144.0
008 - FIXED-LENGTH DATA ELEMENTS--GENERAL INFORMATION
fixed length control field 861105s1963 ii c 000 0dtelx
010 ## - LIBRARY OF CONGRESS CONTROL NUMBER
LC control number sa 65006740
025 ## - OVERSEAS ACQUISITION NUMBER
Overseas acquisition number PL480:I-Te-715
035 ## - SYSTEM CONTROL NUMBER
System control number (OCoLC)15302455
040 ## - CATALOGING SOURCE
Original cataloging agency DLC
Transcribing agency NN
Modifying agency DLC
042 ## - AUTHENTICATION CODE
Authentication code premarc
050 00 - LIBRARY OF CONGRESS CALL NUMBER
Classification number PL4780.9.V3973
Item number S7
100 2# - MAIN ENTRY--PERSONAL NAME
Personal name Venkata Subrahmanya Sastri, Maddulapalli,
Dates associated with a name 1900-
245 10 - TITLE STATEMENT
Title Śrī Bhaktapōtarājīyamu,
Remainder of title aidaṅkamulanāṭakamu.
Statement of responsibility, etc. Grantha karta Maddulapalli Vēṅkaṭasubrahmaṇ yaśāstri.
260 ## - PUBLICATION, DISTRIBUTION, ETC.
Place of publication, distribution, etc. Hindūpuramu,
Name of publisher, distributor, etc. Śrī Kr̥ṣṇadēvarāya Granthamāla,
Date of publication, distribution, etc. 1963.
300 ## - PHYSICAL DESCRIPTION
Extent ix, 82 p.
Other physical details ports.
Dimensions 21 cm.
500 ## - GENERAL NOTE
General note In Telugu.
500 ## - GENERAL NOTE
General note A play.
500 ## - GENERAL NOTE
General note Includes biographical information of the author and a list of his works: p. iii-iv.
600 00 - SUBJECT ADDED ENTRY--PERSONAL NAME
Personal name Pōtana,
Dates associated with a name active 15th century
Form subdivision Drama.

No items available.

Powered by Koha